Science Quiz

Random Science Quiz

Vitamin Deficiencies Quiz Stats

 Plays Quiz not verified by Sporcle

Score 0/11 Timer 10:00
0 Plays Today
Vitamin Deficiency Syndrome % Correct
CScurvy
89.5%
Iron Hypochromic microcytic anemia
75.6%
DRickets, Osteomalacia
72.1%
ANight blindness, xerophthalmia, blindness
70.9%
Niacin (B3) Pellagra (Dementia, Diarrhea, Dermatitis)
65.1%
B1Beriberi, Wenicke-Korsakoff syndrome
62.8%
Iodine Goiter, hypothyroidism
55.8%
Folate Megaloblastic anemia, neural tube defects
46.5%
B12Pernicious anemia
44.2%
Selenium Cardiomyopathy (Keshan disease)
19.8%
Copper Neurologic defects, abnormal collagen cross-linking
17.4%

You're not logged in!

Compare scores with friends on all Sporcle quizzes.
OR
Log In

Show Comments

Extras

Created Feb 20, 2012ReportNominate
Tags:deficiency, syndrome, vitamin

Top Quizzes Today


Score Distribution

Your Account Isn't Verified!

In order to create a playlist on Sporcle, you need to verify the email address you used during registration. Go to your Sporcle Settings to finish the process.

Report this User

Report this user for behavior that violates our Community Guidelines.

Details: